000 00728aas a2200217 4500
999 _c682
_d682
003 BR-BrBNA
005 20230317232836.0
007 ta
008 230119b bl ||||| |||| 00| 0 por d
035 _a000485-5
040 _aBR-BrBNA
_bPor
_cBR-BrBNA
042 _a071905-6
044 _abl
245 _aSérie Atualização - Empresa de Assistência Técnica e Extensão Rural do Estado do Espírito (Brazil)
260 _aVitória-ES
_bEmpresa de Assistência Técnica e Extensão Rural do Estado do Espírito Santo
_c1978
_eBES
270 _aCaixa Postal, 644 - Cep: 29.000
310 _airregular
505 _a1978-80 1(1-6); 1982-83 (7-8); 1984 (10,11,12); 1988 (13); 1990 (16);
909 _a56
_bSergio Santos
_c56
_dSergio Santos
942 _cCR
_2AGRIS